| 000 | 00546nam a2200181Ia 4500 | ||
|---|---|---|---|
| 008 | 191130s2007##################000#0#eng## | ||
| 020 | _a9788876422720 | ||
| 040 |
_aACL _cACL |
||
| 082 | _a573.881935 BOZ | ||
| 100 | _aBozzi, Yuri | ||
| 245 |
_aA study on the activity-dependent expression of Neurotrophic factors in the rat visual system _cYuri Bozzi |
||
| 260 |
_aParis _bEdizioni Della Normale _c2007 |
||
| 300 | _a147 p. : ill | ||
| 650 | _aBiology | ||
| 990 | _acdcbc711ac10000c2719b337303cf005 | ||
| 991 | _a235213 | ||
| 999 |
_c359239 _d359239 |
||